000 00908nam a2200241 i 4500
001 188903
003 SpMaBN
005 20240102184722.0
008 190225s1999 xxkabc |||| | eng d
020 _a1901341135
080 _a946.0"1936/39"
100 1 _aStradling, R. A.
_9221347
245 1 4 _aThe Irish and the Spanish Civil War, 1936-39
_b: crusades in conflict /
_cRobert Stradling.
260 _aManchester :
_bManchester University Press,
_c[1999]
300 _aXI, [5] p. de mapas, 288 p. :
_bil. ;
_c22 cm.
500 _aÍndice.
504 _aBibliografía: p. 272-280.
651 7 _aEspaña-
_xHistoria-
_y1936-1939, Guerra civil-
_xParticipación irlandesa.
_9166448
852 _aES-MaACL
_jA-14402
_9196037
_bR.151790
_cDEPO1
_dOlim: N-7402
_hDonación: Embajada de Irlanda
914 _9234032
_aEmbajada de Irlanda en España
_ednr
942 _2udc
_cMONOGRAFIA
999 _c188903
_d188903